[Event "World Rapid Team 2023"]
[Site "Dusseldorf GER"]
[Date "2023.08.26"]
[Round "3.13"]
[Board "2"]
[White "Leonard, Timo"]
[Black "Baskin, Robert"]
[Result "0-1"]
[BlackTitle "IM"]
[WhiteElo "2223"]
[BlackElo "2451"]
[WhiteTeam "Wensing & Poebel"]
[BlackTeam "Berlin Chess Federation"]
[WhiteFideId "16208757"]
[BlackFideId "24662402"]
[EventDate "2023.08.26"]

1. d4 d5 2. c4 c6 3. cxd5 cxd5 4. Bf4 Nc6 5. e3 Nf6 6. Bb5 Bf5 7. Nf3 Nd7 8. O-O
e6 9. Qa4 Qb6 10. Rc1 Rc8 11. Nbd2 Be7 12. Nb3 O-O 13. h3 a6 14. Bxc6 bxc6 15.
Ne5 Nxe5 16. Bxe5 Qb5 17. Qxb5 cxb5 18. a3 f6 19. Bg3 h5 20. h4 Rfe8 21. Na5 Bc2
22. Kf1 b4 23. Ke1 b3 24. Kd2 e5 25. dxe5 fxe5 26. Bxe5 Bd8 27. Bc3 Rxc3 28.
Kxc3 Bxa5+ 29. Kd4 Bd2 30. Rg1 Kf7 31. g4 Re4+ 32. Kxd5 Rxg4 33. Rxg4 hxg4 34.
Rg1 Bc3 35. bxc3 b2 36. Ke5 b1=Q 37. Rxb1 Bxb1 38. Kf4 Ke6 39. Kxg4 Kd5 40. f3
Bd3 41. e4+ Ke5 42. Kg5 Be2 43. Kg4 a5 44. h5 a4 45. Kg3 Bd1 46. Kg4 Kf6 47. Kf4
Bb3 48. e5+ Ke6 49. Ke4 Bd5+ 50. Kf4 Bc6 51. c4 Bb7 52. c5 Bc6 53. Kg5 Bxf3 54.
Kg6 Kxe5 55. c6 Bxc6 56. Kxg7 Kd4 57. h6 Be4 58. h7 Bxh7 59. Kxh7 Kc3 60. Kg6
Kb2 61. Kf5 Kxa3 62. Ke4 Kb2 0-1

[Event "World Rapid Team 2023"]
[Site "Dusseldorf GER"]
[Date "2023.08.26"]
[Round "3.13"]
[Board "3"]
[White "Lagunow, Raphael"]
[Black "Kracht, Raphael"]
[Result "1-0"]
[WhiteTitle "IM"]
[WhiteElo "2413"]
[BlackElo "2158"]
[WhiteTeam "Berlin Chess Federation"]
[BlackTeam "Wensing & Poebel"]
[WhiteFideId "24652644"]
[BlackFideId "16214382"]
[EventDate "2023.08.26"]

1. e4 e5 2. Nf3 Nc6 3. Bc4 Bc5 4. c3 Nf6 5. d3 O-O 6. O-O d5 7. exd5 Nxd5 8.
Nbd2 Nb6 9. Bb5 Bd6 10. Re1 Bg4 11. h3 Bh5 12. Ne4 f5 13. Ng3 Bxf3 14. Qxf3 Qd7
15. Bd2 a6 16. Bxc6 bxc6 17. Rad1 Rae8 18. c4 e4 19. dxe4 fxe4 20. Qb3 Qf7 21.
c5 Qxb3 22. axb3 Bxg3 23. fxg3 Nd5 24. Bc3 Rf5 25. b4 a5 26. bxa5 Nxc3 27. bxc3
Rxc5 28. Ra1 Ra8 29. a6 Rxc3 30. Reb1 Rd3 31. a7 Rdd8 32. Rb7 e3 33. Kf1 h5 34.
Rab1 Rf8+ 35. Ke2 Kh7 36. Rb8 Rf2+ 37. Kxe3 1-0

[Event "World Rapid Team 2023"]
[Site "Dusseldorf GER"]
[Date "2023.08.26"]
[Round "3.13"]
[Board "5"]
[White "Meyer-Dunker, Paul"]
[Black "Kesselmeier, Kevin"]
[Result "1-0"]
[WhiteElo "2055"]
[BlackElo "2011"]
[WhiteTeam "Berlin Chess Federation"]
[BlackTeam "Wensing & Poebel"]
[WhiteFideId "24657280"]
[BlackFideId "16217551"]
[EventDate "2023.08.26"]

1. e4 c5 2. Nf3 d6 3. d4 cxd4 4. Nxd4 Nf6 5. Nc3 a6 6. Rg1 e5 7. Nb3 b5 8. g4
Be6 9. g5 Nfd7 10. Be3 Nb6 11. f4 Nc4 12. Bxc4 bxc4 13. f5 cxb3 14. fxe6 fxe6
15. axb3 h5 16. Qf3 g6 17. Rf1 Qe7 18. O-O-O Bg7 19. Qe2 Rf8 20. Qc4 Nd7 21. Qc6
Rd8 22. Rxf8+ Bxf8 23. Bb6 Qxg5+ 24. Kb1 Rb8 25. Bc7 Rb4 26. Bxd6 Rd4 27. Bxf8
Kxf8 28. Qxe6 Rxd1+ 29. Nxd1 Qd2 30. Nc3 Kg7 31. Qe7+ Kg8 32. Qd8+ Kg7 33. h4
Qe1+ 34. Ka2 Nf6 35. Qe7+ 1-0

[Event "World Rapid Team 2023"]
[Site "Dusseldorf GER"]
[Date "2023.08.26"]
[Round "3.13"]
[Board "6"]
[White "Moeller, Lisa-Marie"]
[Black "Reichmann, Felix"]
[Result "1-0"]
[WhiteElo "1899"]
[BlackElo "1968"]
[WhiteTeam "Wensing & Poebel"]
[BlackTeam "Berlin Chess Federation"]
[WhiteFideId "12959367"]
[BlackFideId "16238290"]
[EventDate "2023.08.26"]

1. e4 c5 2. Nf3 Nc6 3. Bb5 e5 4. O-O Bd6 5. Bxc6 dxc6 6. c3 Bg4 7. h3 Bh5 8. d3
Qc7 9. Be3 Nf6 10. Nbd2 b5 11. d4 cxd4 12. cxd4 Nd7 13. Qc2 f6 14. Rac1 Rc8 15.
Qb3 Bf7 16. Qd3 O-O 17. d5 c5 18. Qxb5 Rb8 19. Qa4 Rxb2 20. Nb3 Rc8 21. Nfd2 f5
22. Qa3 Rxd2 23. Bxd2 fxe4 24. Be3 Bxd5 25. Rfd1 Bf7 26. Qa5 Qc6 27. Qd2 c4 28.
Qxd6 1-0

[Event "World Rapid Team 2023"]
[Site "Dusseldorf GER"]
[Date "2023.08.26"]
[Round "3.14"]
[Board "1"]
[White "Adly, Ahmed"]
[Black "Namale, Ben Nguku"]
[Result "1-0"]
[WhiteTitle "GM"]
[BlackTitle "CM"]
[WhiteElo "2596"]
[BlackElo "1967"]
[WhiteTeam "Africa"]
[BlackTeam "Kenya Commercial Bank Chess Club"]
[WhiteFideId "10601619"]
[BlackFideId "10800263"]
[EventDate "2023.08.26"]

1. d4 d5 2. Nc3 Nf6 3. Bf4 a6 4. f3 c5 5. e3 Nc6 6. dxc5 e6 7. Na4 e5 8. Bg5 Be6
9. c3 Be7 10. Nb6 Rb8 11. b4 O-O 12. Ne2 Qc7 13. Bxf6 Bxf6 14. Nxd5 Bxd5 15.
Qxd5 Rbd8 16. Qe4 Qd7 17. Kf2 g6 18. g3 Bg7 19. h4 Qe6 20. Bh3 f5 21. Qc2 Kh8
22. Rad1 Qc4 23. Qb3 Qxb3 24. axb3 Na7 25. h5 Kg8 26. hxg6 hxg6 27. g4 f4 28. g5
fxe3+ 29. Kxe3 Kf7 30. Ng3 Nb5 31. Ne4 Ke7 32. Bg4 Rxd1 33. Rxd1 Rd8 34. Rxd8
Kxd8 35. Be6 Nc7 36. Bf7 Ke7 37. Bxg6 Nd5+ 38. Kd2 Nf4 39. Bf5 Kd8 40. Nd6 1-0

[Event "World Rapid Team 2023"]
[Site "Dusseldorf GER"]
[Date "2023.08.26"]
[Round "3.14"]
[Board "2"]
[White "Magana, Ben"]
[Black "Bellahcene, Bilel"]
[Result "0-1"]
[WhiteTitle "CM"]
[BlackTitle "GM"]
[WhiteElo "2020"]
[BlackElo "2515"]
[WhiteTeam "Kenya Commercial Bank Chess Club"]
[BlackTeam "Africa"]
[WhiteFideId "10800166"]
[BlackFideId "696358"]
[EventDate "2023.08.26"]

1. e4 c5 2. Nf3 Nc6 3. g3 g6 4. Bg2 Bg7 5. O-O d6 6. c3 Nf6 7. Re1 O-O 8. d4
cxd4 9. cxd4 Bg4 10. Nc3 e5 11. dxe5 dxe5 12. Qxd8 Rfxd8 13. Bg5 Rd3 14. Re3
Rxe3 15. Bxe3 Rd8 16. h3 Be6 17. Ng5 Bc4 18. Bf1 Bxf1 19. Rxf1 Nd4 20. Kg2 a6
21. Rd1 Rd7 22. Nf3 Nc2 23. Rxd7 Nxd7 24. Bd2 Nc5 25. Kf1 b5 26. a3 Nd3 27. Nd1
h6 28. Ne1 Ncxe1 29. Bxe1 f5 30. f3 Kf7 31. Ke2 Nc1+ 32. Kd2 Nb3+ 33. Ke3 h5 34.
Bc3 Bh6+ 0-1

[Event "World Rapid Team 2023"]
[Site "Dusseldorf GER"]
[Date "2023.08.26"]
[Round "3.14"]
[Board "3"]
[White "Solomon, Kenny"]
[Black "Methu, Joseph Muragu"]
[Result "1-0"]
[WhiteTitle "GM"]
[WhiteElo "2324"]
[BlackElo "1989"]
[WhiteTeam "Africa"]
[BlackTeam "Kenya Commercial Bank Chess Club"]
[WhiteFideId "14300192"]
[BlackFideId "10804714"]
[EventDate "2023.08.26"]

1. d4 Nf6 2. Nf3 g6 3. c4 Bg7 4. Nc3 O-O 5. e4 d6 6. h3 c5 7. d5 a6 8. a4 e6 9.
Bd3 e5 10. Bg5 h6 11. Be3 Nh5 12. Qd2 Kh7 13. Qc2 a5 14. g3 Na6 15. Qe2 Nb4 16.
Bb1 Bd7 17. Nb5 Qe7 18. Nd2 b6 19. Ra3 Bf6 20. h4 Bg7 21. Rg1 Nf6 22. g4 Ne8 23.
Rh1 Kg8 24. Nf1 Nf6 25. Rg1 Ne8 26. g5 h5 27. Ng3 Bg4 28. f3 Bd7 29. Nc3 f6 30.
Kd2 fxg5 31. Bxg5 Qf7 32. Nd1 Kh7 33. Rf1 Bh6 34. Qe3 Bxg5 35. hxg5 Qf4 36. Ne2
Qxe3+ 37. Nxe3 Kg7 38. Rf2 h4 39. Bd3 Nc7 40. b3 Rh8 41. Ra1 Raf8 42. Rh1 Rh5
43. f4 exf4 44. Rxf4 h3 45. Rxf8 Kxf8 46. Nf4 Rxg5 47. Bf1 Rg3 48. Bxh3 Bxh3 49.
Nxh3 Ne8 50. Nf2 Kg7 51. e5 dxe5 52. Ne4 Rf3 53. Ke2 Rf4 54. Ng5 Rf6 55. Rh7+
Kg8 56. Ng4 1-0

[Event "World Rapid Team 2023"]
[Site "Dusseldorf GER"]
[Date "2023.08.26"]
[Round "3.14"]
[Board "4"]
[White "Njoroge, Martin"]
[Black "Moueden, Mohamed Amine"]
[Result "1-0"]
[WhiteElo "1870"]
[BlackElo "1953"]
[WhiteTeam "Kenya Commercial Bank Chess Club"]
[BlackTeam "Africa"]
[WhiteFideId "10801952"]
[BlackFideId "7902018"]
[EventDate "2023.08.26"]

1. Nf3 Nf6 2. c4 Nc6 3. d4 d5 4. cxd5 Qxd5 5. Nc3 Qd8 6. e4 e6 7. Bg5 h6 8. Bh4
Be7 9. Bb5 O-O 10. O-O Nb8 11. Qe2 c6 12. Ba4 b5 13. Bc2 b4 14. Na4 Ba6 15. Bd3
Bxd3 16. Qxd3 Nbd7 17. Rac1 Qa5 18. b3 Rac8 19. Rc2 Qb5 20. Qd1 Rfe8 21. e5 Nd5
22. Bxe7 Rxe7 23. Nd2 N7b6 24. Nxb6 axb6 25. Ne4 Qa5 26. Qf3 Rec7 27. Rfc1 Rf8
28. h4 Qa8 29. h5 Ne7 30. Nd6 c5 31. Qe2 Ra7 32. dxc5 bxc5 33. Nb5 Ra5 34. Nc7
Qa7 35. Nb5 Qa6 36. Nd6 Nd5 37. Qf3 Nc3 38. a4 Qa8 39. Qxa8 Raxa8 40. Nb5 Nxb5
41. axb5 Ra3 42. Rxc5 Rxb3 43. b6 Rc3 44. R1xc3 bxc3 45. Rxc3 Rb8 46. Rb3 Kf8
47. g4 Ke8 48. Kg2 Kd7 49. Kg3 Kc6 50. Kf4 Rxb6 51. Rxb6+ Kxb6 52. g5 Kc5 53.
Kg4 Kd5 1-0

[Event "World Rapid Team 2023"]
[Site "Dusseldorf GER"]
[Date "2023.08.26"]
[Round "3.14"]
[Board "5"]
[White "February, Jesse Nikki"]
[Black "Oluka Robert Mcligeyo"]
[Result "0-1"]
[WhiteTitle "WIM"]
[WhiteElo "1849"]
[BlackElo "2009"]
[WhiteTeam "Africa"]
[BlackTeam "Kenya Commercial Bank Chess Club"]
[WhiteFideId "14312336"]
[BlackFideId "10814647"]
[EventDate "2023.08.26"]

1. d4 d5 2. Nf3 c6 3. c3 Nf6 4. Bg5 Ne4 5. Bf4 Qb6 6. Qb3 Bf5 7. e3 Nd7 8. Be2
e6 9. O-O Be7 10. Nbd2 O-O 11. c4 Qb4 12. c5 a5 13. Rfd1 Nxd2 14. Nxd2 e5 15.
Qxb4 axb4 16. Bg3 exd4 17. exd4 Bf6 18. Nf3 Rfe8 19. Kf1 Ra7 20. Bd3 Bg4 21. Bc2
Nf8 22. Rd2 Bxf3 23. gxf3 Ne6 24. Be5 Bxe5 25. dxe5 Nxc5 26. f4 b3 27. Bb1 bxa2
28. Rxa2 Rxa2 29. Bxa2 g6 30. f3 Ne6 31. f5 gxf5 32. Bb1 f4 33. Rg2+ Kh8 34. Rg4
Rg8 35. Rh4 Rg5 36. Bxh7 Kg7 37. Bc2 Rxe5 38. Rh7+ Kf6 39. Kf2 c5 40. h4 Ng7 41.
Rh6+ Ke7 42. Rb6 Rh5 43. Rxb7+ Kf6 44. Ba4 Rxh4 45. Kg2 Nf5 46. Rb5 Ne3+ 47. Kg1
c4 48. Rb6+ Ke5 49. Be8 Rh7 50. Rb7 Kd4 51. Bxf7 Rg7+ 52. Kh1 Rg5 53. Be8 Kd3
54. Ba4 Ke2 55. b4 cxb3 56. Rxb3 Kxf3 57. Rd3 Kf2 58. Rd2+ Kg3 59. Bc6 f3 60.
Kg1 Rf5 61. Rf2 Ng4 62. Bd7 Re5 63. Rf1 f2+ 0-1

[Event "World Rapid Team 2023"]
[Site "Dusseldorf GER"]
[Date "2023.08.26"]
[Round "3.14"]
[Board "6"]
[White "Ndirangu, Nyaruai, Joyce"]
[Black "Odiah, Isaac Babu"]
[Result "1-0"]
[WhiteTitle "WCM"]
[WhiteElo "1719"]
[BlackElo "1893"]
[WhiteTeam "Kenya Commercial Bank Chess Club"]
[BlackTeam "Africa"]
[WhiteFideId "10802886"]
[BlackFideId "10800549"]
[EventDate "2023.08.26"]

1. e4 c5 2. Nf3 Nc6 3. d4 cxd4 4. Nxd4 e5 5. Nf5 d6 6. Ng3 Nf6 7. c4 Be7 8. Nc3
Nd4 9. Be3 Nc6 10. Be2 O-O 11. O-O h6 12. Qd2 Kh7 13. Rad1 Ng4 14. Bxg4 Bxg4 1-0

[Event "World Rapid Team 2023"]
[Site "Dusseldorf GER"]
[Date "2023.08.26"]
[Round "3.15"]
[Board "1"]
[White "Seel, Christian"]
[Black "Yelisieiev, Yevhenii"]
[Result "0-1"]
[WhiteTitle "IM"]
[BlackTitle "IM"]
[WhiteElo "2477"]
[BlackElo "2401"]
[WhiteTeam "Aachener Schachverein von 1856"]
[BlackTeam "Deutsche Schachjugend 1"]
[WhiteFideId "4663098"]
[BlackFideId "14139642"]
[EventDate "2023.08.26"]

1. Nf3 Nf6 2. c4 e6 3. Nc3 d5 4. d4 Bb4 5. cxd5 exd5 6. Bg5 h6 7. Bxf6 Qxf6 8.
e3 O-O 9. Qb3 Qb6 10. Bd3 c6 11. O-O Bd6 12. Qc2 Nd7 13. Rab1 a5 14. a3 Nf6 15.
h3 Re8 16. Rfc1 Bd7 17. b4 axb4 18. axb4 Ra3 19. Na4 Qa7 20. Nc5 Bc8 21. b5 b6
22. Nb3 c5 23. dxc5 bxc5 24. Bf1 Ra2 25. Ra1 Rxa1 26. Rxa1 Qb6 27. Qa2 Bd7 28.
Qe2 Rb8 29. Ra6 Qc7 30. Qa2 Bxb5 31. Ra7 Qb6 32. Bxb5 Qxb5 33. Nbd2 c4 34. Ra6
Qb4 35. Nd4 Ne4 36. Nc6 Qxd2 37. Qxd2 Rb1+ 0-1

[Event "World Rapid Team 2023"]
[Site "Dusseldorf GER"]
[Date "2023.08.26"]
[Round "3.15"]
[Board "2"]
[White "Colbow, Collin"]
[Black "Vandenbussche, Thibaut"]
[Result "1-0"]
[WhiteTitle "FM"]
[BlackTitle "IM"]
[WhiteElo "2409"]
[BlackElo "2439"]
[WhiteTeam "Deutsche Schachjugend 1"]
[BlackTeam "Aachener Schachverein von 1856"]
[WhiteFideId "16201132"]
[BlackFideId "204412"]
[EventDate "2023.08.26"]

1. e4 d6 2. d4 Nf6 3. Nc3 e5 4. Nge2 c6 5. g3 b5 6. Bg2 Nbd7 7. O-O b4 8. Nb1 a5
9. h3 Ba6 10. Re1 Be7 11. Be3 O-O 12. Nd2 Re8 13. g4 d5 14. dxe5 Nxe5 15. f4
Nexg4 16. hxg4 Nxg4 17. Nd4 Bh4 18. Qxg4 Bxe1 19. Rxe1 c5 20. Nf5 g6 21. Bxc5 h5
22. Qg3 Rc8 23. Nd6 Rxc5 24. Nxe8 Rxc2 25. exd5 Rxd2 26. Qe3 Rc2 27. Qe5 f6 28.
Qe6+ Kh7 29. Qf7+ 1-0

[Event "World Rapid Team 2023"]
[Site "Dusseldorf GER"]
[Date "2023.08.26"]
[Round "3.15"]
[Board "3"]
[White "Koch, Thomas1"]
[Black "Sidletskyi, Ivan"]
[Result "1-0"]
[WhiteTitle "IM"]
[BlackTitle "CM"]
[WhiteElo "2426"]
[BlackElo "2354"]
[WhiteTeam "Aachener Schachverein von 1856"]
[BlackTeam "Deutsche Schachjugend 1"]
[WhiteFideId "4600533"]
[BlackFideId "14156024"]
[EventDate "2023.08.26"]

1. d4 Nf6 2. c4 e6 3. Nf3 d5 4. Nc3 c5 5. cxd5 cxd4 6. Qa4+ Bd7 7. Qxd4 exd5 8.
Nxd5 Qa5+ 9. Nc3 Nc6 10. Qd1 Ne4 11. Bd2 Nxd2 12. Qxd2 O-O-O 13. a3 Bf5 14. Qc1
g5 15. e3 Bg7 16. Be2 g4 17. Nd2 Bd3 18. Bxd3 Rxd3 19. O-O Rhd8 20. Nb3 Qb6 21.
Qc2 h5 22. Rad1 Rxd1 23. Rxd1 Rxd1+ 24. Nxd1 Kb8 25. Nc5 Ne5 26. Nd3 Qa5 27. Nc3
Nc4 28. Nb4 h4 29. Qb3 Ne5 30. Qd1 h3 31. Qd6+ Kc8 32. Ncd5 Ng6 33. gxh3 Be5 34.
Ne7+ Nxe7 35. Qxe7 gxh3 36. Qxf7 Bxb2 37. Qe6+ Kd8 38. Qxh3 Qg5+ 39. Kh1 Bxa3
40. Qh8+ Kd7 41. Qd4+ Ke8 42. Nd5 Bd6 43. Nf6+ Ke7 44. Ne4 Qe5 45. Nxd6 Qxd6 46.
Qe4+ Kf6 47. Qf3+ Kg5 48. e4 Qf4 49. Qe2 a5 50. e5 Qc1+ 51. Kg2 Qc6+ 52. Kg3 Kf5
53. f4 Qg6+ 54. Kf2 Qb6+ 55. Kf1 Kxf4 56. e6 Qb1+ 57. Kf2 Qb6+ 58. Kg2 Qc6+ 59.
Kf1 Qh1+ 60. Kf2 Qxh2+ 61. Ke1 Qh8 62. e7 Qa1+ 63. Kf2 Qd4+ 64. Kf1 Qa1+ 65. Qe1 1-0

[Event "World Rapid Team 2023"]
[Site "Dusseldorf GER"]
[Date "2023.08.26"]
[Round "3.15"]
[Board "4"]
[White "Haug, Havard"]
[Black "Ahn, Martin"]
[Result "1-0"]
[WhiteTitle "CM"]
[BlackTitle "FM"]
[WhiteElo "2199"]
[BlackElo "2153"]
[WhiteTeam "Deutsche Schachjugend 1"]
[BlackTeam "Aachener Schachverein von 1856"]
[WhiteFideId "1547887"]
[BlackFideId "200972"]
[EventDate "2023.08.26"]

1. e4 c5 2. c3 d5 3. exd5 Qxd5 4. d4 g6 5. Nf3 Bg7 6. Nbd2 cxd4 7. Bc4 Qc5 8.
Nxd4 Nf6 9. O-O O-O 10. Qe2 Bg4 11. N4f3 Nc6 12. h3 Bf5 13. Nb3 Qd6 14. Rd1 Qc7
15. Nbd4 Nxd4 16. Nxd4 Bd7 17. Nf3 Rad8 18. Ne5 b5 19. Nxd7 Qxc4 20. Qxc4 bxc4
21. Nxf6+ Bxf6 22. Be3 a6 23. Kf1 Rd3 24. Rxd3 cxd3 25. Rd1 Rd8 26. f4 e5 27.
fxe5 Bxe5 28. Kf2 f5 29. Bg5 Rb8 30. Rd2 Kg7 31. Ke3 Bg3 32. Kxd3 f4 33. Kc2 Rb7
34. c4 h6 35. Bd8 g5 36. c5 Rb5 37. Bb6 h5 38. Rd4 Bf2 39. Rc4 a5 40. a4 Rb4 41.
Rxb4 axb4 42. a5 g4 43. hxg4 hxg4 44. Kd3 f3 45. gxf3 g3 46. Ke2 Bd4 47. c6 Be5
48. c7 Bxc7 49. Bxc7 1-0

[Event "World Rapid Team 2023"]
[Site "Dusseldorf GER"]
[Date "2023.08.26"]
[Round "3.15"]
[Board "5"]
[White "Ahn, Maximilian"]
[Black "Groeschel, Karoline"]
[Result "0-1"]
[WhiteElo "1690"]
[BlackElo "1934"]
[WhiteTeam "Aachener Schachverein von 1856"]
[BlackTeam "Deutsche Schachjugend 1"]
[WhiteFideId "255840"]
[BlackFideId "34610537"]
[EventDate "2023.08.26"]

1. e4 c5 2. Nc3 e6 3. d4 cxd4 4. Qxd4 Nc6 5. Qd3 Nf6 6. Bf4 Bb4 7. Ne2 d5 8.
O-O-O dxe4 9. Nxe4 Qxd3 10. Nxf6+ gxf6 11. Rxd3 Ne5 12. Bxe5 fxe5 13. f3 Bd7 14.
Ng3 Bc6 15. Re3 f6 16. Bd3 Ke7 17. c3 Bc5 18. Re2 a5 19. Rhe1 h5 20. f4 Bd6 21.
Ne4 Bc7 22. Bc2 Bb5 23. Rf2 exf4 24. Nc5 e5 25. Rd2 Bc6 26. Kb1 Bb6 27. Ne4 Rhg8
28. Bb3 Rg7 29. g3 Be3 30. Rd6 Bxe4+ 0-1

[Event "World Rapid Team 2023"]
[Site "Dusseldorf GER"]
[Date "2023.08.26"]
[Round "3.15"]
[Board "6"]
[White "Andrade, Ruben"]
[Black "Ahn, Anastasia"]
[Result "0-1"]
[WhiteElo "1797"]
[BlackElo "1592"]
[WhiteTeam "Deutsche Schachjugend 1"]
[BlackTeam "Aachener Schachverein von 1856"]
[WhiteFideId "16246829"]
[BlackFideId "252220"]
[EventDate "2023.08.26"]

1. e4 c5 2. Nf3 Nc6 3. d4 cxd4 4. Nxd4 g6 5. Be3 Bg7 6. c4 Nf6 7. Nc3 d6 8. Be2
Nxd4 9. Bxd4 O-O 10. O-O Bd7 11. f4 Bc6 12. Bf3 Nd7 13. Bxg7 Kxg7 14. Qd4+ Kg8
15. Nd5 Bxd5 16. exd5 Qb6 17. Qxb6 Nxb6 18. b3 a5 19. Rac1 Rfc8 20. Rfe1 Kf8 21.
Bg4 Rc7 22. f5 f6 23. fxg6 hxg6 24. Be6 Nd7 25. Bxd7 Rxd7 26. Kf2 Rc7 27. Ke3
Rac8 28. Kd4 b5 29. Rc3 b4 30. Rc2 Rc5 31. a3 bxa3 32. Ra1 Kf7 33. Rxa3 Rh8 34.
h3 Rh5 35. Rca2 e5+ 36. Ke3 f5 37. Rxa5 f4+ 38. Ke4 Rxa5 39. Rxa5 Rg5 40. Ra2
Rg3 41. Re2 Rxb3 42. h4 Rc3 43. Re1 Rxc4+ 44. Kf3 Rd4 45. Ra1 Rxd5 46. Ra7+ Kf6
47. Ra8 Rd3+ 48. Ke2 Rg3 49. Kf2 Rg4 50. Rh8 d5 51. h5 gxh5 52. Rxh5 Rg5 53.
Rh6+ Kf5 54. Rd6 Ke4 55. Rd8 d4 56. Ra8 Rg3 57. Ra4 Rb3 58. Rc4 Rb2+ 59. Kf1 Ke3
60. Rc1 d3 61. Re1+ Kd4 62. Rd1 e4 63. Ra1 Ke3 64. Re1+ Kd4 65. Ra1 d2 66. Ke2
d1=Q+ 67. Kxd1 Rxg2 68. Ra4+ Ke5 69. Ke1 f3 70. Ra8 Kf4 71. Kf1 Rb2 72. Ra7 Rb1+
73. Kf2 e3# 0-1

[Event "World Rapid Team 2023"]
[Site "Dusseldorf GER"]
[Date "2023.08.26"]
[Round "3.16"]
[Board "2"]
[White "Kuhne, Detlev"]
[Black "Pak, Alexander"]
[Result "0-1"]
[WhiteElo "2050"]
[BlackElo "2170"]
[WhiteTeam "MagdeBurg and Friends"]
[BlackTeam "Ecole Polytechnique Francaise de Lausanne"]
[WhiteFideId "4642872"]
[BlackFideId "4164717"]
[EventDate "2023.08.26"]

1. Nf3 c5 2. c3 d5 3. d4 Nf6 4. Bf4 Nc6 5. e3 Bg4 6. Be2 e6 7. O-O Bd6 8. Bxd6
Qxd6 9. Nbd2 O-O 10. h3 Bh5 11. Re1 Rfe8 12. a4 h6 13. Qb3 Rab8 14. Qa3 Nd7 15.
a5 Bg6 16. Nb3 b6 17. axb6 axb6 18. Bb5 e5 19. dxe5 Ndxe5 20. Nxe5 Rxe5 21. Bxc6
Qxc6 22. Qa6 Rbe8 23. Rec1 Rg5 24. Qa4 Qe6 25. Qf4 Be4 26. g4 f5 27. f3 fxg4 28.
fxe4 Rf8 29. exd5 Qxd5 0-1

[Event "World Rapid Team 2023"]
[Site "Dusseldorf GER"]
[Date "2023.08.26"]
[Round "3.16"]
[Board "4"]
[White "Domsgen, Bernd"]
[Black "Pheng, Wissam"]
[Result "1/2-1/2"]
[WhiteElo "1917"]
[BlackElo "1940"]
[WhiteTeam "MagdeBurg and Friends"]
[BlackTeam "Ecole Polytechnique Francaise de Lausanne"]
[WhiteFideId "24629073"]
[BlackFideId "26008505"]
[EventDate "2023.08.26"]

1. e4 Nf6 2. e5 Nd5 3. d4 d6 4. Nf3 dxe5 5. Nxe5 c6 6. Bc4 g6 7. Nc3 Bg7 8. Nxd5
cxd5 9. Qf3 Be6 10. Bb5+ Kf8 11. c3 Qb6 12. a4 Nc6 13. Nxc6 bxc6 14. Bd3 f6 15.
a5 Qb7 16. b4 Kf7 17. h4 Qd7 18. Bf4 Rae8 19. O-O Bg4 20. Qg3 Rhf8 21. Rfe1 Kg8
22. Re3 Bf5 23. Bxf5 Qxf5 24. Rae1 Rf7 25. Re6 Bf8 26. Rxc6 e5 27. Be3 exd4 28.
cxd4 Bxb4 29. Rec1 Kg7 30. a6 Re6 31. Rc7 Bd6 32. Rxf7+ Kxf7 33. Qf3 Qxf3 34.
gxf3 Be7 35. Ra1 Rb6 36. Kg2 Bd6 37. f4 Ke6 38. Kf3 Kf5 39. Ra5 Ke6 40. Kg4 h5+
41. Kf3 Rb3 42. Ra4 Bc7 43. Ra1 Kf5 44. Ra5 Bxf4 45. Rxd5+ Ke6 46. Ra5 Bxe3 47.
fxe3 Rb6 48. Kf4 Rb1 49. Rc5 Rf1+ 50. Ke4 Kd6 51. Rb5 Ra1 52. Rd5+ Ke6 53. Rb5
Rxa6 54. Rb7 Ra5 55. Rc7 g5 56. hxg5 fxg5 57. Rh7 h4 58. Kf3 Kf5 59. e4+ Kg6 60.
Rb7 Ra3+ 61. Kg2 h3+ 62. Kh2 g4 63. d5 Kf6 64. d6 Ke6 65. d7 Rd3 66. Rxa7 Rxd7
67. Ra3 Ke5 68. Kg3 Rh7 69. Ra1 Rg7 70. Ra4 Rg8 71. Rb4 Re8 72. Kxg4 h2 73. Rb1
Rg8+ 74. Kh3 Rg1 75. Rb5+ Kxe4 76. Kxh2 Rg8 1/2-1/2

[Event "World Rapid Team 2023"]
[Site "Dusseldorf GER"]
[Date "2023.08.26"]
[Round "3.16"]
[Board "5"]
[White "Lux, Serge"]
[Black "Giebel, Christine"]
[Result "0-1"]
[WhiteElo "1688"]
[BlackElo "1830"]
[WhiteTeam "Ecole Polytechnique Francaise de Lausanne"]
[BlackTeam "MagdeBurg and Friends"]
[WhiteFideId "36036099"]
[BlackFideId "12926418"]
[EventDate "2023.08.26"]

1. g3 Nf6 2. Bg2 g6 3. Nf3 Bg7 4. O-O O-O 5. b3 d6 6. Bb2 Nbd7 7. d4 c5 8. d5 b5
9. Re1 Qb6 10. e4 Bb7 11. Qe2 Rac8 12. Nbd2 Ba6 13. c4 Bh6 14. cxb5 Bxb5 15. Nc4
Qa6 16. Qc2 Bxc4 17. Qxc4 Qxc4 18. bxc4 Rb8 19. Bxf6 exf6 20. Rab1 Nb6 21. Bf1
Na4 22. Rb3 Rfe8 23. Bd3 Rb4 24. Reb1 Reb8 25. Ne1 Nc3 26. Rxb4 Rxb4 27. Rxb4
cxb4 28. Nc2 Nxa2 29. Nd4 Nc1 30. Bc2 Bf8 31. f4 a5 32. Kf1 0-1

[Event "World Rapid Team 2023"]
[Site "Dusseldorf GER"]
[Date "2023.08.26"]
[Round "3.16"]
[Board "6"]
[White "Schuster, Rebekka"]
[Black "Pheng, Sophia"]
[Result "1/2-1/2"]
[WhiteElo "1807"]
[BlackElo "1128"]
[WhiteTeam "MagdeBurg and Friends"]
[BlackTeam "Ecole Polytechnique Francaise de Lausanne"]
[WhiteFideId "24674095"]
[BlackFideId "26066602"]
[EventDate "2023.08.26"]

1. e4 e5 2. Nf3 Nc6 3. Bc4 Bc5 4. c3 Nf6 5. d3 d6 6. O-O O-O 7. b4 Bb6 8. a4 a6
9. Bg5 Bg4 10. Nbd2 h6 11. Bh4 g5 12. Bg3 Ne7 13. Qb3 Ng6 14. h3 Bxf3 15. Nxf3
g4 16. Nh4 d5 17. exd5 Nxh4 18. Bxh4 gxh3 19. gxh3 Qd6 20. Bg3 Kh8 21. Kh2 Rg8
22. d4 Nd7 23. dxe5 Nxe5 24. Qd1 Rg5 25. f4 Rxg3 26. Kxg3 Rg8+ 27. Kh2 Qg6 28.
Qe2 Qg3+ 29. Kh1 Qxh3+ 30. Qh2 Qxh2+ 31. Kxh2 Ng4+ 32. Kh3 Ne3 33. Be2 Nxf1 34.
Rxf1 Re8 35. Bh5 Kg7 36. c4 Re4 37. c5 Ba7 38. d6 cxd6 39. cxd6 Rd4 40. Rc1 Rd3+
41. Kg4 Bb8 42. Kf5 Bxd6 43. b5 axb5 44. axb5 b6 45. Rc6 Rd5+ 46. Kg4 f5+ 47.
Kf3 Bc5 48. Rg6+ Kh7 49. Rf6 Bg1 50. Be8 1/2-1/2